Veinticinco sonetos / (Record no. 116304)

MARC details
000 -LEADER
campo de control de longitud fija 00473nam a2200169 i 4500
001 - NÚMERO DE CONTROL
campo de control 116304
003 - IDENTIFICADOR DE NÚMERO DE CONTROL
campo de control ES-MaACL
005 - FECHA Y HORA DE LA ÚLTIMA TRANSACCIÓN
campo de control 20240419063036.0
007 - CAMPO FIJO DE DESCRIPCIÓN FÍSICA--INFORMACIÓN GENERAL
campo de control de longitud fija t|
008 - DATOS DE LONGITUD FIJA--INFORMACIÓN GENERAL
campo de control de longitud fija 061121s1980 sp |||| | spa d
100 1# - ENTRADA PRINCIPAL--NOMBRE DE PERSONA
Nombre de persona Osorio, Guillermo,
Fechas asociadas al nombre 1918-1982
9 (RLIN) 87767
245 10 - MENCIÓN DEL TÍTULO
Título Veinticinco sonetos /
Mención de responsabilidad, etc. Guillermo Osorio.
260 ## - PUBLICACIÓN, DISTRIBUCIÓN, ETC.
Lugar de publicación, distribución, etc. Madrid :
Nombre del editor, distribuidor, etc. [s.n.],
Fecha de publicación, distribución, etc. 1980 (
Fabricante Gráf. DO-MO)
300 ## - DESCRIPCIÓN FÍSICA
Extensión 45 p. ;
Dimensiones 17 cm.
852 ## - LOCALIZACIÓN
Ubicación ES-MaACL
Número de control de estantería 2111-F-16
Holdings
Estatus retirado Estado de pérdida Estado de daño No para préstamo Colección Biblioteca de origen Biblioteca actual Ubicación en estantería Fecha de adquisición Fuente de adquisición Total de préstamos Signatura topográfica completa Código de barras Visto por última vez Precio de reemplazo Tipo de ítem Koha
        Colección de folletos Biblioteca del Ateneo de Madrid Biblioteca del Ateneo de Madrid Depósito folletos 17/01/2008     2111-F-16 1121280 23/02/2023 23/02/2023 Folleto